Geboren in Siegen - Statistiken

Allgemein
  • Dieses Quiz wurde 41 mal gespielt
    17 seit der letzten Aktualisierung
  • Das Durchschnittsergebnis liegt bei 2 aus 7
Antwortstatistiken
Hinweis Antwort % Korrekt
weltberühmter flämischer Barockmaler 1577 Peter Paul Rubens
75%
Fußballer (1.FC Köln) und siebenmaliger deutscher Nationalspieler 1996 Luca Waldschmidt
44%
Fußballtrainer (Bremen und Wolfsburg) 1982 Florian Kohfeldt
25%
Skeletonpilotin und olympische Silbermedaillengewinnerin 1995 Jacqueline Lölling
13%
Sprinter und deutscher Rekordhalter im 200-Meter-Lauf 1999 Joshua Hartmann
6%
deutsch-amerikanischer Chemienobelpreisträger 1940 Joachim Frank
0%
Schauspielerin, "Danni Lowinski" "Die Wanderhure" 1978 Nadja Becker
0%
Keine übereinstimmenden Quizze gefunden
Verteilung der Resultate
Anzahl Personen mit jedem Resultat
Perzentil nach korrekt beantworteten Fragen
Ihre Resultats-Entwicklung
Sie haben dieses Quiz seit der letzten Aktualisierung nicht gespielt